000
00295nam a2200109Ia 4500
008
200302s9999 xx 000 0 und d
100
_a
Michael W. Gamble & Other
245
_a
Introducting Mass Communication 2nd ed.(66048)
260
_b
Mcgraw-Hill Book Company
260
_c
1989
300
_a
549 P.,
999
_c
741
_d
741